000 00549cam a2200193 4500
001 1325
005 20181127163112.0
008 880624s1982 nyu 000 1 eng c
010 _a 88153779
020 _a0895941228 (pbk.)
020 _a0895941236
100 1 _aLorde, Audre.
245 1 0 _aZami, a new spelling of my name /
_cAudre Lorde.
260 _aTrumansburg, N.Y. :
_bCrossing Press,
_cc1982.
300 _a256 p. ;
_c22 cm.
440 0 _aCrossing Press feminist series
650 0 _aLesbians
_xFiction.
655 7 _aFeminist fiction.
_2lcsh
999 _c958
_d958